000 00247nam a2200097Ia 4500
001 806970
005 20250826171222.0
008 250824s9999 xx 000 0 und d
245 0 _aBİR KIZIMIZ OLACAKTI
_cMUSTAFA DEMİRER
260 _bPANAMA YAYINLARI
999 _c806970
_d806970